Enterprise Content Management in Information Systems Research Foundations, Methods and Cases /

“Enterprise Content Management in Information Systems Research – Foundations, Methods and Cases” collects ECM research from the academic discipline of Information Systems and related fields to support academics and practitioners who are interested in understanding the design, use and impact of ECM s...

Full description

Corporate Author: SpringerLink (Online service)
Other Authors: vom Brocke, Jan. (Editor, http://id.loc.gov/vocabulary/relators/edt), Simons, Alexander. (Editor, http://id.loc.gov/vocabulary/relators/edt)
Language:English
Published: Berlin, Heidelberg : Springer Berlin Heidelberg : Imprint: Springer, 2014.
Edition:1st ed. 2014.
Series:Progress in IS,
Subjects:
Online Access:https://doi.org/10.1007/978-3-642-39715-8
LEADER 03907nam a22005655i 4500
001 978-3-642-39715-8
003 DE-He213
005 20210617182855.0
007 cr nn 008mamaa
008 131104s2014 gw | s |||| 0|eng d
020 |a 9783642397158  |9 978-3-642-39715-8 
024 7 |a 10.1007/978-3-642-39715-8  |2 doi 
050 4 |a HF54.5-54.56 
072 7 |a KJQ  |2 bicssc 
072 7 |a BUS083000  |2 bisacsh 
072 7 |a KJQ  |2 thema 
072 7 |a UF  |2 thema 
082 0 4 |a 650  |2 23 
082 0 4 |a 658.05  |2 23 
245 1 0 |a Enterprise Content Management in Information Systems Research  |h [electronic resource] :  |b Foundations, Methods and Cases /  |c edited by Jan vom Brocke, Alexander Simons. 
250 |a 1st ed. 2014. 
264 1 |a Berlin, Heidelberg :  |b Springer Berlin Heidelberg :  |b Imprint: Springer,  |c 2014. 
300 |a XII, 287 p. 36 illus.  |b online resource. 
336 |a text  |b txt  |2 rdacontent 
337 |a computer  |b c  |2 rdamedia 
338 |a online resource  |b cr  |2 rdacarrier 
347 |a text file  |b PDF  |2 rda 
490 1 |a Progress in IS,  |x 2196-8705 
505 0 |a Part A: Foundation and Trends -- Part B: Methods and Tools -- Part C: Examples and Cases. 
520 |a “Enterprise Content Management in Information Systems Research – Foundations, Methods and Cases” collects ECM research from the academic discipline of Information Systems and related fields to support academics and practitioners who are interested in understanding the design, use and impact of ECM systems. It also provides a valuable resource for students and lecturers in the field. The book consolidates our current knowledge on how today’s organizations can manage their digital information assets. The business challenges related to organizational information management include reducing search times, maintaining information quality, and complying with reporting obligations and standards. Many of these challenges are well-known in information management, but because of the vast quantities of information being generated today, they are more difficult to deal with than ever. Many companies use the term “ECM” to refer to the management of all forms of information, especially unstructured information. While ECM systems promise to increase and maintain information quality, to streamline content-related business processes, and to track the lifecycle of information, their implementation poses several questions and challenges: Which content objects should be put under the control of the ECM system? Which processes are affected by the implementation? How should outdated technology be replaced? Research is challenged to support practitioners in answering these questions. 
650 0 |a Information technology. 
650 0 |a Business—Data processing. 
650 0 |a Application software. 
650 0 |a Information storage and retrieval. 
650 1 4 |a IT in Business.  |0 https://scigraph.springernature.com/ontologies/product-market-codes/522000 
650 2 4 |a Information Systems Applications (incl. Internet).  |0 https://scigraph.springernature.com/ontologies/product-market-codes/I18040 
650 2 4 |a Information Storage and Retrieval.  |0 https://scigraph.springernature.com/ontologies/product-market-codes/I18032 
700 1 |a vom Brocke, Jan.  |e editor.  |4 edt  |4 http://id.loc.gov/vocabulary/relators/edt 
700 1 |a Simons, Alexander.  |e editor.  |4 edt  |4 http://id.loc.gov/vocabulary/relators/edt 
710 2 |a SpringerLink (Online service) 
773 0 |t Springer Nature eBook 
776 0 8 |i Printed edition:  |z 9783642397165 
776 0 8 |i Printed edition:  |z 9783642397141 
776 0 8 |i Printed edition:  |z 9783662524558 
830 0 |a Progress in IS,  |x 2196-8705 
856 4 0 |u https://doi.org/10.1007/978-3-642-39715-8 
912 |a ZDB-2-SBE 
912 |a ZDB-2-SXBM 
950 |a Business and Economics (SpringerNature-11643) 
950 |a Business and Management (R0) (SpringerNature-43719)